000 00313nam a22001337a 4500
020 _a978-93-5085-846-2
082 _a823
_bTIN/S
100 _aTINKLE
245 _aSUPPANDI WHO'S THE BOSS
260 _aMUMBAI
_bAMAR CHITRA KATHA PVT LTD
_c2023
300 _a70
650 _aCOMIC FOR CHILDREN
_zINDIA
942 _cBK
999 _c7019
_d7019